00862nam a22002297a 4500999001500000001000500015003000900020005001700029008004100046020001500087040003800102082002300140245011800163260004000281300002800321504004100349650004300390650004500433700002100478942001200499952012100511 c1938d19382997BD-DhUAP20200218112232.0200218s1994 nyu||||| b||| 001 0 eng d a1560248637 aBD-DhUAPbEngcBD-DhUAPdBD-DhUAP 223a362.830973 BUI aBuilding on women's strengths : ba social work agenda for the twenty-first century / cEdited by Liane V. Davis. aNew York :bHaworth Press, cc1994. axv, 285 pages ;c23 cm. a Includes bibliographies and index.  aSocial work with womenzUnited States. aWomenvSocial conditionszUnited States. aDavis, Liane V.  2ddccBK 00102ddc4070aUAPCLbUAPCLcGeneral Stacksd2020-02-18o362.830973 BUIp3010002997r2020-02-18t1w2020-02-18yBK